Capitals of the former USSR - Statistics

General Stats
  • This quiz has been taken 31 times
    23 since last reset
  • The average score is 10 of 15
Answer Stats
Capital % Correct
Moscow
100%
Kiev
83%
Minsk
83%
Riga
74%
Baku
70%
Tallinn
70%
Tbilisi
70%
Vilnius
70%
Yerevan
70%
Tashkent
65%
Ashgabat
61%
Astana
57%
Bishkek
52%
Dushanbe
52%
Chișinău
43%
No matching quizzes found
Score Distribution
Percent of People with Each Score
Percentile by Number Answered
Your Score History
You have not taken this quiz since the last reset